Mechanics / (Record no. 2375)
[ view plain ]
| 000 -LEADER | |
|---|---|
| fixed length control field | 00622cam a2200277ua 4500 |
| 041 ## - LANGUAGE CODE | |
| Language code of text/sound track or separate title | eng |
| 082 ## - DEWEY DECIMAL CLASSIFICATION NUMBER | |
| Classification number | 531 |
| Item number | DEV/ME |
| 100 ## - MAIN ENTRY--AUTHOR NAME | |
| Personal name | Devarajan, V . |
| 245 ## - TITLE STATEMENT | |
| Title | Mechanics / |
| 250 ## - EDITION STATEMENT | |
| Edition statement | 2 / |
| 260 ## - PUBLICATION, DISTRIBUTION, ETC. (IMPRINT) | |
| Place of publication | : |
| Name of publisher | Kumar publications , |
| Year of publication | 1965. |
| 300 ## - PHYSICAL DESCRIPTION | |
| Number of Pages | 344 ; . |
| 942 ## - ADDED ENTRY ELEMENTS (KOHA) | |
| Koha item type | Books |
| Withdrawn status | Lost status | Damaged status | Home library | Current library | Date acquired | Full call number | Accession Number | Koha item type | Public note |
|---|---|---|---|---|---|---|---|---|---|
| Withdrawn | KAUAET | KAUAET | 07/04/2012 | 531 | 8518 | Books | |||
| Withdrawn | KAUAET | KAUAET | 07/04/2012 | 531 | 8520 | Books | |||
| Withdrawn | KAUAET | KAUAET | 07/04/2012 | 531 | 8515 | Books | |||
| Withdrawn | KAUAET | Sanskrit University | 07/04/2012 | 531 | 8513 | Books | Transferred to Sanskrit University | ||
| Withdrawn | KAUAET | Sanskrit University | 07/04/2012 | 531 | 8512 | Books | Transferred to Sanskrit University | ||
| Withdrawn | KAUAET | Sanskrit University | 07/04/2012 | 531 | 8519 | Books | Transferred to Sanskrit University | ||
| Withdrawn | KAUAET | Sanskrit University | 07/04/2012 | 531 | 8516 | Books | Transferred to Sanskrit University | ||
| Withdrawn | KAUAET | Sanskrit University | 07/04/2012 | 531 | 8517 | Books | Transferred to Sanskrit University | ||
| Withdrawn | KAUAET | Sanskrit University | 07/04/2012 | 531 | 7703 | Books | Transferred to Sanskrit University |
